MARC details
| 000 -CABECERA |
| campo de control de longitud fija |
02118nam a2200301 a 4500 |
| 001 - NÚMERO DE CONTROL |
| campo de control |
000006779 |
| 005 - FECHA Y HORA DE LA ÚLTIMA TRANSACCIÓN |
| campo de control |
20251120073731.0 |
| 008 - DATOS DE LONGITUD FIJA--INFORMACIÓN GENERAL |
| campo de control de longitud fija |
090902s1993 dr d 000 0 spa d |
| 040 ## - FUENTE DE LA CATALOGACIÓN |
| Centro catalogador/agencia de origen |
DO-SdBNP |
| Lengua de catalogación |
spa |
| Centro/agencia transcriptor |
BNPHU |
| 082 ## - NÚMERO DE LA CLASIFICACIÓN DECIMAL DEWEY |
| Número de clasificación |
467.973 |
| Número de documento/Ítem |
P933f |
| 049 ## - FONDOS LOCALES (OCLC) |
| Fondos de biblioteca |
BNPD |
| 111 1# - ENTRADA PRINCIPAL--NOMBRE DE CONGRESO/REUNIÓN |
| Nombre de congreso/reunión o jurisdicción como elemento de entrada |
Seminario Internacional |
| Sede del congreso/Lugar de la reunión |
Santo Domingo, República Dominicana |
| Número del congreso/reunión o número de parte o sección |
(1992 octubre. 1-3) |
| 9 (RLIN) |
18848 |
| 245 10 - MENCIÓN DE TÍTULO |
| Título |
Presente y futuro del español en los Estados Unidos / |
| Mención de responsabilidad, etc. |
edición Carmen Pérez de Cabral : introducción Ricardo Miniño Gómez. |
| 260 ## - PUBLICACIÓN, DISTRIBUCIÓN, ETC. |
| Lugar de publicación, distribución, etc. |
Santiago de los Caballeros, República Dominicana : |
| Nombre del editor, distribuidor, etc. |
PUCMM, |
| Fecha de publicación, distribución, etc. |
1993. |
| 300 ## - DESCRIPCIÓN FÍSICA |
| Extensión |
184 p. : |
| Otras características físicas |
gráf. ; |
| Dimensiones |
23 cm. |
| 490 1# - MENCIÓN DE SERIE |
| Mención de serie |
Documento / Pontificia Universidad Católica Madre y Maestra |
| Designación de volumen o secuencia |
No. 168 |
| 500 ## - NOTA GENERAL |
| Nota general |
Incluye notas al pie de las páginas |
| 500 ## - NOTA GENERAL |
| Nota general |
Expositores /Manuel Alvar, Luis Guarnizo, Rafael Emilio Yunén, Orlando Alba, Amparo Morales, Humberto López Morales, Mario Paredes, Jerry Scott, Virgilio Alcántara, Fhilippe Rossillon |
| 504 ## - NOTA DE BIBLIOGRAFÍA, ETC. |
| Nota de bibliografía, etc. |
Incluye bibliografía (p. 85 - 86) |
| 505 2# - NOTA DE CONTENIDO CON FORMATO |
| Nota de contenido con formato |
Introducción/Ricardo Miniño Gómez -- Palabras de apertura / Mons. Agripino Núñez Collado -- El Español de los Estados Unidos:diacronía y sincronía/Manuel Alvar -- Perfil sociodemográfico de la población latina de los Estados Unidos/Luis Eduardo Guarnizo -- Las migraciones contemporáneas de Hispanohablantes hacia los Estados Unidos/Rafael Emilio Yunén -- Dialectogía del Español en los Estados Unidos/Orlando Alba -- El Español en la Pastoral Católica en los Estados Unidos/Mario Paredes -- La imagen del Latino en el cine norteamericano/Jerry Scott -- Los medios de comunicación social en Español en los Estados Unidos/Virgilio Alcántara. |
| 650 #4 - PUNTO DE ACCESO ADICIONAL DE MATERIA--TÉRMINO DE MATERIA |
| Término de materia o nombre geográfico como elemento de entrada |
Español en estados unidos |
| 9 (RLIN) |
18849 |
| 650 #4 - PUNTO DE ACCESO ADICIONAL DE MATERIA--TÉRMINO DE MATERIA |
| Término de materia o nombre geográfico como elemento de entrada |
Americanismos |
| 9 (RLIN) |
18850 |
| 700 1# - PUNTO DE ACCESO ADICIONAL--NOMBRE DE PERSONA |
| Nombre de persona |
Miniño Gómez, Ricardo |
| 9 (RLIN) |
18851 |
| 710 2# - PUNTO DE ACCESO ADICIONAL--NOMBRE DE ENTIDAD CORPORATIVA |
| Nombre de entidad corporativa o nombre de jurisdicción como elemento de entrada |
Unión Latina |
| 9 (RLIN) |
18852 |
| 710 2# - PUNTO DE ACCESO ADICIONAL--NOMBRE DE ENTIDAD CORPORATIVA |
| Nombre de entidad corporativa o nombre de jurisdicción como elemento de entrada |
Centro Cultural Hispánico (Santo Domingo, República Dominicana) |
| 9 (RLIN) |
18853 |
| 710 2# - PUNTO DE ACCESO ADICIONAL--NOMBRE DE ENTIDAD CORPORATIVA |
| Nombre de entidad corporativa o nombre de jurisdicción como elemento de entrada |
Pontificia Universidad Católica Madre y Maestra |
| 9 (RLIN) |
843 |
| 830 #0 - PUNTO DE ACCESO ADICIONAL DE SERIE-TÍTULO UNIFORME |
| Título uniforme |
Documentos / Pontificia Universidad Católica Madre y Maestra |
| Designación de volumen o secuencia |
No. 168 |
| 9 (RLIN) |
18854 |